Control de ruido en la industria

Sábháilte in:
Sonraí bibleagrafaíochta
Príomhchruthaitheoir: Lizano Tracy, Luis E
Formáid: LEABHAR
Foilsithe / Cruthaithe: San José, Costa Rica 1972
Clibeanna: Cuir clib leis
Níl clibeanna ann, Bí ar an gcéad duine le clib a chur leis an taifead seo!

MARC

LEADER 00000nam a2200000Ia 4500
003 005329
005 20221231144326.0
008 140114s1972 cr a m 000 ||s d
040 |c cru CEDI 
090 |a TFG 2503 
100 |a Lizano Tracy, Luis E  |9 12617 
245 |a Control de ruido en la industria 
260 |c 1972  |a San José, Costa Rica 
300 |a 51 hojas :ilustraciones  
500 |a Universidad de Costa Rica. Facultad de Ingeniería. Sección de Ingeniería Mecánica 
942 |c TFG  |2 ddc 
999 |c 20185  |d 20185